Estadísticas para Resultados de la Copa Mundial de Fútbol de 2006

Haz click aquí para intentar la prueba.

Estadísticas generales

  • Esta prueba ha sido intentada 831 veces
  • La puntuación promedio es 23 de 32

Respuestas en el mapa

Las respuestas están codificadas por una escala verde-roja en el mapa de la prueba según el % correcto abajo.
 

Estadísticas de respuestas

Nation% Correcto
Argentina
98%
Francia
98%
Italia
98%
Alemania
97%
Brasil
96%
España
94%
Portugal
89%
México
88%
Inglaterra
87%
Japón
87%
Estados Unidos
85%
Corea del Sur
82%
Australia
80%
Países Bajos
78%
Paraguay
74%
Suecia
74%
Suiza
74%
Ecuador
73%
Costa Rica
68%
Serbia y Montenegro
66%
Ghana
65%
Polonia
65%
Costa de Marfil
60%
Croacia
59%
Ucrania
58%
Arabia Saudita
55%
Irán
53%
Túnez
49%
Angola
39%
Trinidad y Tobago
38%
Togo
36%
República Checa
34%

Distribución de puntuación

Porcentaje por número respondido

Porcentaje de gente con cada puntuación

Historial de tus puntuaciones

No has intentado esta prueba.